• 首页
  • 本馆介绍
  • 公告通知
  • 最新文献
  • 馆藏检索
  • 电子资源
  • 读者导购
  • 参考咨询
  • 我的图书馆
  • 登录
  • 详细信息显示
  • 放入我的书架
  • 预约/预借图书
  • 作者相关作品
  • 分类相关作品
  • 丛书相关作品
  • 出版社相关作品

书目信息

  • 表格格式
  • 工作单格式
  • 卡片格式
题名:
临近和短时天气预报教程
    
 
作者: 王丽娟 编著
分册:  
出版信息: 北京   气象出版社  2017.08
页数: 231页
开本: 23cm
丛书名:
单 册:
中图分类: P456.1
科图分类:
主题词: 临近预报--教材 , 短时天气预报--教材
电子资源:
ISBN: 978-7-5029-6614-0
000 01043nam0 2200241 450
001 5517
005 20181016102324.94
010    @a978-7-5029-6614-0@dCNY38.00
100    @a20171116d2017 em y0chiy50 ea
101 0  @achi
102    @aCN@b110000
105    @aa z 000yy
200 1  @a临近和短时天气预报教程@9lin jin he duan shi tian qi yu bao jiao cheng@f王丽娟[等]编著
210    @a北京@c气象出版社@d2017.08
215    @a231页@c图@d23cm
300    @a南京信息工程大学2015年度教材建设基金项目、江苏高校品牌专业建设工程资助项目、2015年江苏省高等教育教改研究立项课题、江苏高校优势学科建设工程资助项目、2014年大气科学与环境气象实验实习教材建设项目共同资助。
330    @a本书共分四章,主要介绍短时预报和临近预报的基础知识,通过个例分析,说明短时强降水、冰雹、雷雨大风(雷暴大风)、龙卷等四类强对流天气的临近和短时天气预报着眼点。
606 0  @a临近预报@j教材
606 0  @a短时天气预报@j教材
690    @aP456.1@v5
701  0 @a王丽娟@9wang li juan@c(女,气象@f1983-)@4编著
801  0 @aCN@b91MARC@c20171116
905    @aMuseLib@dP456.1@e134
    
    临近和短时天气预报教程/王丽娟[等]编著.-北京:气象出版社,2017.08
    231页:图;23cm
    南京信息工程大学2015年度教材建设基金项目、江苏高校品牌专业建设工程资助项目、2015年江苏省高等教育教改研究立项课题、江苏高校优势学科建设工程资助项目、2014年大气科学与环境气象实验实习教材建设项目共同资助。
    
    ISBN 978-7-5029-6614-0:CNY38.00
    本书共分四章,主要介绍短时预报和临近预报的基础知识,通过个例分析,说明短时强降水、冰雹、雷雨大风(雷暴大风)、龙卷等四类强对流天气的临近和短时天气预报着眼点。
●
相关链接 在E读中查询图书 在五车中查询图书 在当当中查询图书 在豆瓣中查询图书


正题名:临近和短时天气预报教程     索取号:P456.1/134         预约/预借

序号 登录号 条形码 馆藏地/架位号 状态 备注
1 1130100   211301009   第二样本阅览室/ [索取号:P456.1/134] 在馆    
2 1130101   211301018   第三借阅区/ [索取号:P456.1/134] 在馆    
3 1130102   211301027   第三借阅区/ [索取号:P456.1/134] 在馆    
4 1130103   211301036   第三借阅区/ [索取号:P456.1/134] 在馆    
5 1130104   211301045   密集书库-资源管理系/ [索取号:P456.1/134] 在馆    
唐山师范学院图书馆 欢迎您!
大连网信软件有限公司© 版权所有